Selected poems

Na minha lista:
Detalhes bibliográficos
Autor principal: ELIOT, THOMAS STEARNS (Author)
Formato: Livro
Idioma:inglês
Publicado em: Londres Penguin Books 1948
Edição:1a. ed
Colecção:The Penguin Poets, D4
Assuntos:
Tags: Adicionar Tag
Sem tags, seja o primeiro a adicionar uma tag!

MARC

LEADER 00000cam a2200000 a 4500
001 UCE2844
003 CL-VaPUC
008 140731e19480000uk |||||||||||||||||eng|d
082 0 4 |a 811  |b ELI  |2 21 
100 |a ELIOT, THOMAS STEARNS  |e author  |9 265954 
245 1 0 |a Selected poems 
250 |a 1a. ed 
300 |a 125 p 
942 |c BK 
945 |d 20140731 15:45:00  |a dcastane 
260 |a Londres  |b Penguin Books  |c 1948 
650 7 |a POESIAS ESTADOUNIDENSES  |2 CL-VaPUC  |9 575392 
650 0 |a Literatura estadounidense  |9 317168 
583 |a last modification  |c 20140731 15:45:00  |k Rodrigo Vera 
490 0 |a The Penguin Poets, D4 
999 |c 356385  |d 356383 
952 |0 0  |1 0  |3 erb  |4 0  |6 811_000000000000000_ELI_1948  |7 0  |8 A  |9 463674  |a BIBART  |b BIBART  |i 504863K  |o 811 ELI 1948  |p 504863K  |r 2025-03-13  |w 2019-11-23  |y BK  |z Catalogado en:20140731  |k ART